Truyện Nàng Nga - Đạo Hai Mối : Bản tình ca tiêu biểu của dân tộc Mường

Nội dung sách gồm hai phần. Phần 1: Những điều nhận biết về tác phẩm Nàng Nga - Đạo Hai Mối. Phần 2: Tác phẩm.

Đã lưu trong:
书目详细资料
企业作者: Hội văn nghệ dân gian Việt Nam
格式: 图书
语言:Undetermined
出版: Hà Nội Khoa học - Xã hội 2015
主题:
标签: 添加标签
没有标签, 成为第一个标记此记录!
Thư viện lưu trữ: Trung tâm Học liệu Trường Đại học Cần Thơ
LEADER 00927nam a2200205Ia 4500
001 CTU_209350
008 210402s9999 xx 000 0 und d
082 |a 398.209597 
082 |b H452 
110 |a Hội văn nghệ dân gian Việt Nam 
245 0 |a Truyện Nàng Nga - Đạo Hai Mối : 
245 0 |b Bản tình ca tiêu biểu của dân tộc Mường 
245 0 |c Cao Sơn Hải (Sưu tầm, biên dịch, giới thiệu) 
260 |a Hà Nội 
260 |b Khoa học - Xã hội 
260 |c 2015 
520 |a Nội dung sách gồm hai phần. Phần 1: Những điều nhận biết về tác phẩm Nàng Nga - Đạo Hai Mối. Phần 2: Tác phẩm. 
650 |a Văn học dân gian Việt Nam,Folk literature, Vietnamese 
904 |i Châu Thiên Phúc,Hải 
980 |a Trung tâm Học liệu Trường Đại học Cần Thơ